[Event "AUTO-MASTER-968"]
[Site "http://www.queenalice.com/game.php?id=750071"]
[Date "2010.3.22"]
[Round "2"]
[White "forth_generation"]
[Black "Farias_29"]
[Result "0-1"]
[WhiteElo "2403"]
[BlackElo "2402"]

1. e4 e5 2. Nf3 Nc6 3. d4 exd4 4. Nxd4 Bc5 5. Be3 Qf6 6. c3 a6 7. Nxc6 Bxe3 8.
fxe3 dxc6 9. Qh5 Be6 10. Nd2 Qe7 11. Be2 O-O-O 12. O-O-O Nf6 13. Qg5 Bxa2 14.
Rhf1 Kb8 15. c4 Rhe8 16. Rf4 b6 17. Qxg7 Rd6 18. Qg5 Rg8 19. Qf5 Nd7 20. Qxh7
Qd8 21. e5 Nxe5 22. Qe4 Nd3+ 23. Bxd3 Rxd3 24. Rff1 c5 25. Kc2 Rd7 26. Rf2 Re8
27. Qf4 Rd3 28. Kc1 Rexe3 29. h4 Qd7 30. Qf6 Qa4 31. Rh1 Rd4 32. Rf4 Bb3 33.
Nxb3 Qxc4+ 34. Kb1 Rxf4 35. Qd8+ Kb7 36. Nd2 Qe6 37. Qg5 Rd4 38. Kc1 Rxd2 39.
Kxd2 Re2+ 40. Kd1 Rxb2 0-1

[Event "AUTO-MASTER-968"]
[Site "http://www.queenalice.com/game.php?id=750072"]
[Date "2010.3.22"]
[Round "2"]
[White "Farias_29"]
[Black "forth_generation"]
[Result "1-0"]
[WhiteElo "2432"]
[BlackElo "2334"]

1. d4 Nf6 2. c4 g6 3. Nc3 Bg7 4. e4 d6 5. Nf3 O-O 6. Be2 e5 7. O-O Nc6 8. d5 Ne7
9. Ne1 Ne8 10. Be3 f5 11. f3 f4 12. Bf2 a5 13. Nd3 b6 14. Qb3 Ba6 15. Nb5 Nf6
16. Rfd1 Nd7 17. Rd2 Nc8 18. Qc3 Bb7 19. Bd1 Rf7 20. Rc1 h5 21. Qa3 h4 22. h3
Nc5 23. Bc2 Qg5 24. Rb1 Na7 25. Nc3 Nc8 26. Rbd1 Ba6 27. Nb5 Nxd3 28. Qxd3 Na7
29. Nc3 Bc8 30. Kf1 Ba6 31. Ba4 Bb7 32. Kg1 Ba6 33. Re2 Bb7 34. a3 Bc8 35. Kh1
Bb7 36. b4 axb4 37. axb4 Nc8 38. Ra2 Kh7 39. Rda1 Bh6 40. Qb1 Qf6 41. c5 dxc5
42. bxc5 Ra5 43. Be8 Rxa2 44. Qxa2 Rf8 45. c6 Rxe8 46. cxb7 Nd6 47. Qa7 Qd8 48.
Bxb6 Kg8 49. Bc5 Nxb7 50. Qxb7 Bf8 51. Bxf8 Rxf8 52. Nb5 Qb8 53. Qxc7 Qxc7 54.
Nxc7 Kf7 55. Ra8 Rxa8 56. Nxa8 Ke7 57. Nb6 g5 58. Nc4 Kf6 59. Na5 1-0

[Event "AUTO-OPEN-1755"]
[Site "http://www.queenalice.com/game.php?id=785026"]
[Date "2010.6.3"]
[Round "2"]
[White "Farias_29"]
[Black "Flashinho"]
[Result "1-0"]
[WhiteElo "2400"]
[BlackElo "1912"]

1. d4 d5 2. c4 Nf6 3. Nf3 e6 4. Nc3 Bb4 5. e3 O-O 6. Bd2 Nc6 7. Bd3 Bxc3 8. Bxc3
Ne4 9. O-O f5 10. Qc2 a5 11. Rfd1 b6 12. cxd5 exd5 13. Ne5 Nxe5 14. dxe5 Nxc3
15. bxc3 c6 16. c4 Be6 17. Rac1 Qc7 18. cxd5 Bxd5 19. Bxf5 g6 20. Rxd5 Rxf5 21.
Qxc6 Qb8 22. Rd7 Rxe5 23. Qc4+ Kh8 24. Qh4 1-0

[Event "AUTO-OPEN-1755"]
[Site "http://www.queenalice.com/game.php?id=785027"]
[Date "2010.6.3"]
[Round "2"]
[White "Flashinho"]
[Black "Farias_29"]
[Result "0-1"]
[WhiteElo "1912"]
[BlackElo "2401"]

1. d4 Nf6 2. c4 e6 3. Nc3 Bb4 4. Bd2 O-O 5. e3 c5 6. Bd3 cxd4 7. exd4 d5 8. Nge2
dxc4 9. Bxc4 Nc6 10. O-O Nxd4 11. Nxd4 Qxd4 12. Bb3 Bd7 13. Qc2 Bc6 14. Be3 Qe5
15. Ne2 Bb5 16. Bc4 Rac8 17. b3 Bc6 18. Bf4 Qh5 19. Ng3 Qh4 20. h3 Qxf4 21. Ne2
Qg5 22. Ng3 b5 23. Bd3 Bxg2 24. Qe2 Bxh3 25. Rfd1 Bc5 0-1

[Event "Desafio #01"]
[Site "http://www.queenalice.com/game.php?id=822337"]
[Date "2010.8.24"]
[Round "-"]
[White "Aylton"]
[Black "Farias_29"]
[Result "0-1"]
[WhiteElo "2111"]
[BlackElo "2413"]

1. d4 Nf6 2. Nf3 d5 3. e3 g6 4. c4 Bg7 5. Nc3 O-O 6. h3 Nc6 7. a3 Re8 8. cxd5
Nxd5 9. Bd2 e5 10. dxe5 Nxe5 11. Nxe5 Bxe5 12. Rc1 Nf4 13. g3 Nd3+ 14. Bxd3 Qxd3
15. Qe2 Qd8 16. f4 Bg7 17. Kf2 b6 18. Rh2 Ba6 19. Qe1 Qd7 20. g4 c5 21. Kg3 Rad8
22. h4 Qe6 23. Qf2 Rd3 24. Nd1 Red8 25. Qe1 h5 26. gxh5 gxh5 27. Bc3 Qg4+ 28.
Kf2 Bxc3 0-1

[Event "Desafio #02"]
[Site "http://www.queenalice.com/game.php?id=822338"]
[Date "2010.8.24"]
[Round "-"]
[White "Farias_29"]
[Black "Aylton"]
[Result "1-0"]
[WhiteElo "2415"]
[BlackElo "2035"]

1. d4 d5 2. c4 e6 3. Nf3 Nf6 4. e3 a6 5. Bd3 dxc4 6. Bxc4 b5 7. Be2 Bb7 8. O-O
Be7 9. a4 c6 10. Nbd2 O-O 11. Nb3 Nbd7 12. Bd2 h6 13. Qc2 Rc8 14. Ba5 Qe8 15.
Nc5 Nxc5 16. dxc5 Nd7 17. b4 Bd8 18. axb5 axb5 19. Bxd8 Qxd8 20. Rfd1 Qc7 21.
Rd6 Ba8 22. Qd2 Nf6 23. Qd4 Rfd8 24. Ne5 Nd5 25. e4 Nf6 26. Ra3 Rxd6 27. cxd6
Qb8 28. Rd3 Rd8 29. d7 Qc7 30. Qc5 Nxe4 31. Qe7 Ng5 32. h4 f6 33. Qe8+ Kh7 34.
hxg5 hxg5 35. Bh5 fxe5 36. Bg6+ 1-0

[Event "AUTO-OPEN-1755"]
[Site "http://www.queenalice.com/game.php?id=868378"]
[Date "2010.12.6"]
[Round "3"]
[White "Farias_29"]
[Black "TheBigSid"]
[Result "1-0"]
[WhiteElo "2416"]
[BlackElo "2172"]

1. d4 Nf6 2. c4 e6 3. Nf3 b6 4. g3 Bb7 5. Bg2 Be7 6. O-O Ne4 7. Nfd2 f5 8. Nxe4
fxe4 9. Nc3 d5 10. Bh3 Bc8 11. cxd5 exd5 12. Bxc8 Qxc8 13. Nxd5 Bd6 14. f3 Qh3
15. Bf4 exf3 16. Rxf3 Qe6 17. Re3 1-0

[Event "AUTO-OPEN-1755"]
[Site "http://www.queenalice.com/game.php?id=868379"]
[Date "2010.12.6"]
[Round "3"]
[White "TheBigSid"]
[Black "Farias_29"]
[Result "0-1"]
[WhiteElo "2153"]
[BlackElo "2428"]

1. d4 Nf6 2. c4 e6 3. Nf3 d5 4. Nc3 Bb4 5. e3 O-O 6. cxd5 exd5 7. Bd3 c5 8. O-O
c4 9. Be2 Bf5 10. Ne5 Nc6 11. g4 Be6 12. Kh1 h6 13. f4 Qb6 14. Qe1 Ne4 15. Bd2
Nxe5 16. fxe5 Nxd2 17. Qxd2 Rad8 18. Qe1 Be7 19. Rb1 a6 20. Bf3 Bb4 21. Qg3 f6
22. a3 Ba5 23. Na4 Qc6 24. Nc5 Bc7 25. Nxe6 Qxe6 26. b3 b5 27. a4 c3 28. axb5
axb5 29. b4 fxe5 30. Rbc1 e4 31. Qxc7 exf3 32. Rxc3 Rc8 0-1

[Event "AUTO-OPEN-1755"]
[Site "http://www.queenalice.com/game.php?id=868380"]
[Date "2010.12.6"]
[Round "3"]
[White "Farias_29"]
[Black "alexsandrob3478"]
[Result "1-0"]
[WhiteElo "2430"]
[BlackElo "1972"]

1. d4 Nf6 2. c4 e6 3. Nf3 b6 4. g3 Bb7 5. Bg2 d5 6. Nc3 Be7 7. Ne5 Nbd7 8. O-O
O-O 9. Bf4 c6 10. e4 dxc4 11. Nxc4 c5 12. d5 exd5 13. e5 Ne4 14. Nxd5 Bxd5 15.
Qxd5 Ng5 16. Rad1 b5 17. Qxa8 Qxa8 18. Bxa8 Rxa8 19. Rxd7 Bd8 20. Bxg5 Bxg5 21.
Na3 1-0

[Event "AUTO-OPEN-1755"]
[Site "http://www.queenalice.com/game.php?id=868381"]
[Date "2010.12.6"]
[Round "3"]
[White "alexsandrob3478"]
[Black "Farias_29"]
[Result "0-1"]
[WhiteElo "1970"]
[BlackElo "2431"]

1. d4 Nf6 2. c4 e6 3. Nc3 Bb4 4. Qc2 O-O 5. e4 c5 6. dxc5 Bxc5 7. Bg5 d6 8. Nf3
Nc6 9. Rd1 h6 10. Bh4 e5 11. Nd5 g5 12. Nxg5 Nxd5 13. cxd5 hxg5 14. dxc6 gxh4
15. Bc4 Bb4+ 16. Kf1 bxc6 17. Qe2 Qg5 18. a3 Bc5 19. Rd3 Rb8 20. g3 Bh3+ 21. Ke1
Qc1+ 22. Rd1 Qxb2 23. Qxb2 Rxb2 24. Rd2 Rfb8 25. Bf1 Bxf2+ 26. Ke2 Bg4+ 0-1

[Event "Challenge"]
[Site "http://www.queenalice.com/game.php?id=869304"]
[Date "2010.12.8"]
[Round "-"]
[White "champgg"]
[Black "Farias_29"]
[Result "0-1"]
[WhiteElo "1948"]
[BlackElo "2419"]

1. e4 e6 2. d3 d5 3. e5 Ne7 4. d4 c5 5. c3 Nbc6 6. Nf3 Bd7 7. dxc5 Ng6 8. Bb5
Bxc5 9. Qe2 O-O 10. Bxc6 Bxc6 11. O-O d4 12. Rd1 Bxf3 13. Qxf3 d3 14. Rxd3 Nxe5
15. Rxd8 Nxf3+ 16. gxf3 Raxd8 17. Nd2 Rd5 18. Nb3 Rd1+ 19. Kg2 Bd6 20. Be3 Rxa1
21. Nxa1 e5 22. Nb3 b6 23. Nd2 f5 24. Nc4 Rf6 25. b4 f4 26. Bd2 Kf7 27. b5 Ke6
28. Bc1 Bc5 29. a4 Rf7 30. Kf1 Rc7 31. Nd2 Bb4 32. Ne4 Bxc3 33. Ba3 Rc4 34. Bf8
Bd4 35. a5 bxa5 36. Ke2 a4 37. h3 Kd5 38. Nd2 Rc8 39. Ba3 Rc2 40. Kd1 Ra2 41.
Nb1 Rxf2 0-1

[Event "Challenge"]
[Site "http://www.queenalice.com/game.php?id=873071"]
[Date "2010.12.17"]
[Round "-"]
[White "lupengui"]
[Black "Farias_29"]
[Result "1-0"]
[WhiteElo "2579"]
[BlackElo "2438"]

1. c4 Nf6 2. Nf3 e6 3. Nc3 d5 4. d4 c6 5. e3 Nbd7 6. Bd3 dxc4 7. Bxc4 b5 8. Bd3
Bb7 9. O-O a6 10. e4 c5 11. d5 Bd6 12. dxe6 fxe6 13. Bxb5 Bxh2+ 14. Nxh2 axb5
15. Nxb5 O-O 16. Nd6 Ba6 17. Qb3 Qe7 18. Rd1 Be2 19. Rd2 c4 20. Nxc4 Nc5 21. Qc2
Bxc4 22. Qxc4 Ncxe4 23. Rd4 Nd6 24. Qe2 e5 25. a4 Nf5 26. Rd1 Qb4 27. Qxe5 Rxa4
28. Bd2 Qe4 29. Qxe4 Rxe4 30. Nf3 Nd4 31. Nxd4 Rxd4 32. Bc3 Rxd1+ 33. Rxd1 Kf7
34. Ra1 h5 35. Ra7+ Kg6 36. g3 Rc8 37. Kg2 Rc5 38. Kf3 1-0

[Event "Challenge"]
[Site "http://www.queenalice.com/game.php?id=877075"]
[Date "2010.12.26"]
[Round "-"]
[White "champgg"]
[Black "Farias_29"]
[Result "0-1"]
[WhiteElo "2279"]
[BlackElo "2423"]

1. e4 e6 2. Nf3 d5 3. Nc3 Nf6 4. e5 Nfd7 5. d4 c5 6. dxc5 Bxc5 7. Bg5 Qc7 8. Qe2
Nc6 9. O-O-O O-O 10. Nb5 Qa5 11. Kb1 a6 12. Nbd4 Nxd4 13. Nxd4 Qb6 14. Nb3 Bxf2
15. Be7 Re8 16. Bg5 h6 17. Bf4 f6 18. exf6 Nxf6 19. Qe5 a5 20. c3 Bd7 21. Bxh6
Rf8 22. Bxg7 Kxg7 23. Rd3 Be8 24. Rh3 Kf7 25. Bd3 Ke7 26. Rf1 Nd7 27. Rh7+ Kd8
28. Qg5+ Kc8 29. Qe7 Rg8 30. Rh6 Kc7 31. Nd4 Bxd4 32. cxd4 Rxg2 33. b3 Qb4 34.
Rc1+ Kb6 35. Rxe6+ Ka7 36. Qxb4 axb4 37. h4 Rg4 38. Rc7 Rd8 39. Rd6 Kb8 40. Rc1
Rxh4 41. Rxd5 Rc8 42. Rd6 Rxc1+ 43. Kxc1 Rh1+ 44. Kb2 Rh2+ 45. Ka1 Kc7 46. Re6
Bh5 47. Rh6 Rd2 48. Bf5 Bf3 49. Rh7 Rxd4 50. Bxd7 Rxd7 51. Rh4 Rd1+ 52. Kb2 Rd2+
53. Kb1 Kc6 54. Rxb4 Bd5 55. Rh4 Kc5 56. Ka1 Re2 57. Rh5 b5 58. Rh4 Be4 59. Rh3
Kd4 60. Rg3 Rd2 61. b4 Bd3 62. Rh3 Kc3 0-1

[Event "Challenge"]
[Site "http://www.queenalice.com/game.php?id=896068"]
[Date "2011.2.4"]
[Round "-"]
[White "Dsilver"]
[Black "Farias_29"]
[Result "0-1"]
[WhiteElo "1661"]
[BlackElo "2433"]

1. a4 e5 2. c3 d5 3. Qb3 c5 4. c4 dxc4 5. Qxc4 Nc6 6. e3 Be6 7. Qc2 Bd6 8. f3
Nge7 9. Bb5 O-O 10. Bxc6 Nxc6 11. Nh3 Nb4 12. Qe4 f5 13. Qxb7 Qh4+ 14. Nf2 Nd3+
15. Ke2 Qxf2+ 16. Kxd3 e4+ 17. fxe4 Rab8 18. Qc6 fxe4+ 19. Kc3 Be5+ 20. Kc2 Bb3#
0-1

[Event "Live to win"]
[Site "http://www.queenalice.com/game.php?id=896502"]
[Date "2011.2.5"]
[Round "-"]
[White "Farias_29"]
[Black "champgg"]
[Result "0-1"]
[WhiteElo "2434"]
[BlackElo "2262"]

1. d4 d5 2. c4 c6 3. Nf3 Nf6 4. Nc3 e6 5. e3 Nbd7 6. Bd3 dxc4 7. Bxc4 b5 8. Bd3
a6 9. e4 c5 10. e5 cxd4 11. Nxb5 Nxe5 12. Nxe5 axb5 13. O-O Qd5 14. Qe2 Ba6 15.
Bg5 Be7 16. a4 O-O 17. axb5 Bb7 18. f3 Rfc8 19. Rxa8 Rxa8 20. Re1 Bd6 21. f4
Bxe5 22. fxe5 Nd7 23. Be4 Qxe4 0-1

[Event "AUTO-ELITE-951"]
[Site "http://www.queenalice.com/game.php?id=1046632"]
[Date "2012.4.7"]
[Round "1"]
[White "toninhojit"]
[Black "Farias_29"]
[Result "1-0"]
[WhiteElo "2411"]
[BlackElo "2405"]

1. d4 Nf6 2. c4 e6 3. Nc3 Bb4 4. f3 d5 5. a3 Bxc3+ 6. bxc3 c5 7. cxd5 exd5 8. e3
c4 9. Ne2 Nc6 10. g4 Na5 11. Ng3 Nb3 12. Rb1 1-0

[Event "AUTO-ELITE-951"]
[Site "http://www.queenalice.com/game.php?id=1046633"]
[Date "2012.4.7"]
[Round "1"]
[White "Farias_29"]
[Black "toninhojit"]
[Result "0-1"]
[WhiteElo "2413"]
[BlackElo "2403"]

1. d4 Nf6 2. c4 g6 3. Nc3 Bg7 4. e4 O-O 5. Nf3 d6 6. Be2 e5 7. dxe5 dxe5 8. Qxd8
Rxd8 9. Bg5 Re8 10. Nd5 Nxd5 11. cxd5 c6 12. d6 f6 13. Be3 Be6 0-1